Normal view
MARC view
- Martín Artiles, Antonio
Entry Nombre Personal
001 - NUMERO DE CONTROL
- campo de control: 60197
003 - IDENTIFICADOR DE NUMERO DE CONTROL
- campo de control: UPN
005 - FECHA Y HORA DE LA ÜLTIMA TRANSACCIÓN
- campo de control: 20260702140347.0
008 - DATOS DE LONGITUD FIJA
- campo de control de longitud fija: 260702|| ac|||aabn | a|a d
024 ## - OTROS IDENTIFICADORES NORMALIZADOS
- Fuente: orcid
- Número normalizado o código: https://orcid.org/0000-0002-8225-1860
040 ## - FUENTE DE CATALOGACIÓN
- Agencia original de catalogación: MX-MxUPN
100 1# - ENCABEZAMIENTO - NOMBRE PERSONAL
- Nombre personal: Martín Artiles, Antonio
370 ## - LUGAR ASOCIADO
- Place of birth: España
371 ## - DIRECCIÓN
- Electronic mail address: antonio.martin@uab.es
373 ## - GRUPO ASOCIADO
- Associated group: Universitat Autònoma de Barcelona |
374 ## - OCUPACIÓN
- Occupation: Docencia e investigación universitarias
670 ## - FUENTE EN LA QUE SE LOCALIZARON DATOS
- Cita de la fuente: En recurso en línea: REIS, No. 193 (2025)
- Información localizada: (Antonio Martín Artiles)
- Uniform Resource Identifier: https://reis.cis.es/index.php/reis/article/view/2463/3081
902 ## - CATALOGADOR
- Catalogador: Leonor Sotres/020726
